[Event "SVK-chT3B2 1415"]
[Site "Slovakia"]
[Date "2015.02.08"]
[Round "6.3"]
[White "Solovic, Rastislav"]
[Black "Detko, Jan"]
[Result "0-1"]
[WhiteElo "1850"]
[BlackElo "2165"]
[PlyCount "143"]
[EventDate "2014.10.05"]
[EventType "team-tourn"]
[EventRounds "14"]
[EventCountry "SVK"]
[SourceTitle "EXT 2019"]
[Source "ChessBase"]
[SourceDate "2018.10.10"]
[SourceVersion "1"]
[SourceVersionDate "2018.10.10"]
[SourceQuality "1"]

1. e4 c5 2. Nf3 a6 3. d4 cxd4 4. Nxd4 Nf6 5. Nc3 e5 6. Nf3 Bb4 7. Bc4 Qc7 8. Qd3 d5 9. Bxd5 0-0 10. 0-0 Bg4 11. h3 Bxf3 12. Qxf3 Bxc3 13. Qxc3 Qxc3 14. bxc3 Nxd5 15. exd5 Nd7 16. Ba3 Rfc8 17. Rab1 b5 18. Bb4 f6 19. Rfd1 a5 20. Bd6 Ra6 21. Be7 Kf7 22. d6 Rxc3 23. Rxb5 Rxc2 24. Rb7 Ke6 25. Rdb1 Rxa2 26. Rc7 Rb6 27. Rxb6 Nxb6 28. Bf8 Nd7 29. Bxg7 Kxd6 30. Ra7 Ra1+ 31. Kh2 a4 32. Bh6 a3 33. Bd2 Ke6 34. Bc3 Ra2 35. Bb4 Rxf2 36. Rxa3 Rb2 37. Ra6+ Kf5 38. Be7 Rd2 39. Kg1 e4 40. Kf1 Ke5 41. Bb4 Rd3 42. Ke2 Rb3 43. Bd6+ Kd4 44. Be7 Rb2+ 45. Kf1 Ke3 46. Ra1 Rf2+ 47. Kg1 Rd2 48. Kf1 h6 49. Ba3 Kd3 50. Bb4 Rb2 51. Rd1+ Kc4 52. Rxd7 Rxb4 53. Rd6 f5 54. Rxh6 Kd3 55. Rd6+ Ke3 56. Rd1 Kf4 57. Ra1 Rb2 58. Rc1 Ke3 59. Re1+ Kd3 60. Ra1 e3 61. g3 Rf2+ 62. Kg1 Ke4 63. Ra5 Rd2 64. Kf1 Rh2 65. h4 Rf2+ 66. Ke1 Rf3 67. Ra4+ Ke5 68. g4 f4 69. Ke2 Rf2+ 70. Ke1 Rh2 71. h5 f3 72. Kd1 0-1

[Event "SVK-chT3B2 1415"]
[Site "Slovakia"]
[Date "2014.10.05"]
[Round "1.2"]
[White "Sunal, Jan"]
[Black "Solovic, Rastislav"]
[Result "1/2-1/2"]
[WhiteElo "1741"]
[BlackElo "1850"]
[PlyCount "54"]
[EventDate "2014.10.05"]
[EventType "team-tourn"]
[EventRounds "14"]
[EventCountry "SVK"]
[SourceTitle "EXT 2019"]
[Source "ChessBase"]
[SourceDate "2018.10.10"]
[SourceVersion "1"]
[SourceVersionDate "2018.10.10"]
[SourceQuality "1"]

1. e4 e5 2. Nf3 Nf6 3. Nc3 Nc6 4. d4 exd4 5. Nxd4 Bc5 6. Nxc6 bxc6 7. Bg5 h6 8. Bh4 Be7 9. Be2 0-0 10. 0-0 Nh7 11. Bg3 d6 12. Qd2 Rb8 13. b3 f5 14. Rad1 Bg5 15. f4 Be7 16. Bf2 Ra8 17. Qe3 fxe4 18. Nxe4 Nf6 19. Nxf6+ Bxf6 20. Bd3 Bb2 21. Qe4 Bf5 22. Qc4+ Kh8 23. Be2 Qd7 24. Bf3 d5 25. Qc5 Bf6 26. c4 Bg4 27. Bxg4 Qxg4 1/2-1/2